Didáctica de la educación física. Un enfoque constructivista.
Gespeichert in:
| 1. Verfasser: | |
|---|---|
| Format: | Unbekannt |
| Veröffentlicht: |
Barcelona, España:
INDE Publicaciones,
2019.
|
| Ausgabe: | Cuarta edición. |
| Schlagworte: | |
| Tags: |
Tag hinzufügen
Keine Tags, Fügen Sie den ersten Tag hinzu!
|
MARC
| LEADER | 00000 a2200000 4500 | ||
|---|---|---|---|
| 003 | CL-VaPUC | ||
| 005 | 20220920170923.0 | ||
| 008 | 220816t2019 ||||| |||| 00| 0 eng d | ||
| 020 | |a 978-84-9729-167-5 | ||
| 040 | |c Pontificia Universidad Católica de Valparaíso | ||
| 082 | 7 | |a 372.86 CON 2019 |2 22 | |
| 100 | |a Contreras Jordán, Onofre Ricardo |9 430504 |e author | ||
| 245 | |a Didáctica de la educación física. |b Un enfoque constructivista. | ||
| 250 | |a Cuarta edición. | ||
| 260 | |a Barcelona, España: |b INDE Publicaciones, |c 2019. | ||
| 300 | |a 322 páginas. | ||
| 583 | |k Cristina María Rojas Aguilar |c 20220816 | ||
| 650 | |a Educación física |x Desarrollo del currículum |9 875598 | ||
| 942 | |2 ddc |c BK | ||
| 999 | |c 438340 |d 438338 | ||
| 952 | |0 0 |1 0 |2 ddc |4 0 |6 372_860000000000000_CON_2019 |7 0 |8 A |9 586245 |a BIBEDU |b BIBEDU |c GEN |d 2022-08-16 |e 74 |g 33884.00 |i 5654192 |o 372.86 CON 2019 |p 5654192 |r 2022-08-16 |v 33884.00 |w 2022-08-16 |y BK |k EFI | ||
| 952 | |0 0 |1 0 |2 ddc |4 0 |6 372_860000000000000_CON_2019 |7 0 |8 A |9 586733 |a BIBEDU |b BIBEDU |c GEN |d 2022-09-13 |e 74 |g 33884.00 |i 5654600 |o 372.86 CON 2019 |p 5654600 |r 2022-09-13 |t 2 |v 33884.00 |w 2022-09-13 |y BK |k EFI | ||
| 952 | |0 0 |1 0 |2 ddc |4 0 |6 372_860000000000000_CON_2019 |7 0 |8 A |9 586734 |a BIBEDU |b BIBEDU |c GEN |d 2022-09-13 |e 74 |g 33884.00 |i 5654602 |o 372.86 CON 2019 |p 5654602 |r 2022-09-13 |t 4 |v 33884.00 |w 2022-09-13 |y BK |k EFI | ||
| 952 | |0 0 |1 0 |2 ddc |4 0 |6 372_860000000000000_CON_2019 |7 0 |8 A |9 586735 |a BIBEDU |b BIBEDU |c GEN |d 2022-09-13 |e 74 |g 33884.00 |i 5654603 |o 372.86 CON 2019 |p 5654603 |r 2022-09-13 |t 5 |v 33884.00 |w 2022-09-13 |y BK |k EFI | ||
| 952 | |0 0 |1 0 |2 ddc |4 0 |6 372_860000000000000_CON_2019 |7 0 |8 A |9 586736 |a BIBEDU |b BIBEDU |c GEN |d 2022-09-13 |e 74 |g 33884.00 |i 5654601 |o 372.86 CON 2019 |p 5654601 |r 2022-09-13 |t 3 |v 33884.00 |w 2022-09-13 |y BK |k EFI | ||